Districts in Antalya - Statistics

General Stats
  • This quiz has been taken 23 times
  • The average score is 15 of 19
Answer Stats
District % Correct
Alanya
93%
Kaş
93%
Kepez
93%
Konyaaltı
93%
Aksu
86%
Döşemealtı
86%
Elmalı
86%
Kemer
86%
Manavgat
86%
Muratpaşa
86%
Finike
79%
Gazipaşa
79%
Serik
71%
Akseki
64%
Demre
64%
Korkuteli
64%
Kumluca
64%
Gündoğmuş
57%
İbradı
57%
No matching quizzes found
Score Distribution
Percent of People with Each Score
Percentile by Number Answered
Your Score History
You have not taken this quiz